000 00879nam a2200277 i 4500
001 33824
003 BD-RjUL
005 20211209052050.0
008 140511s1975 fr af i000 0 eng d
020 _a9231012916
035 _a(BD-RjUL)33916
040 _aDLC
_cDLC
_dDLC
_dBD-RjUL
_beng
041 _aeng
082 0 0 _a306.02943085
_bKOC 1975
100 1 _aKoch, Hans,
_d1927-
_9102715
245 1 0 _aCultural policy in the German Democratic Republic /
_cHans Koch.
260 _aParis :
_bUnesco Press,
_c1975.
300 _a62 p., [2] leaves of plates :
_bill. ;
_c25 cm.
490 _aStudies and documents on cultural policies
650 0 _aArts
_zGermany (East)
_xManagement.
_9102716
650 0 _aArt and state
_zGermany (East)
_9102717
651 0 _aGermany, East
_xIntellectual life
_9102718
942 _2ddc
_cBK
999 _c33824
_d33824